Transformácia virtuálnej meny do majetku účtovnej jednotky

Širší pohľad na problematiku virtuálnej meny. Definovanie virtuálnej meny, druhy virtuálnych mien, spôsoby jej obstarania, vlastnenia resp. predaja a softvérové riešenia. Virtuálna mena ako súčasť majetku účtovnej jednotky. Kryptomeny v kontexte predmetu účtovníctva. Spôsoby účtovania, vykazovania,...

Ausführliche Beschreibung

Gespeichert in:
Bibliographische Detailangaben
1. Verfasser: Kareš, Ladislav
Format: Buchkapitel
Sprache:Slowakisch
Schlagworte:
Tags: Tag hinzufügen
Keine Tags, Fügen Sie das erste Tag hinzu!

MARC

LEADER 00000naa$a2200000$$$4500
001 0271546
005 20240502074259.0
041 0 |a slo 
044 |a SK 
245 1 0 |a Transformácia virtuálnej meny do majetku účtovnej jednotky  |c Ladislav Kareš 
520 |a Širší pohľad na problematiku virtuálnej meny. Definovanie virtuálnej meny, druhy virtuálnych mien, spôsoby jej obstarania, vlastnenia resp. predaja a softvérové riešenia. Virtuálna mena ako súčasť majetku účtovnej jednotky. Kryptomeny v kontexte predmetu účtovníctva. Spôsoby účtovania, vykazovania, oceňovania a zdaňovania virtuálnej meny. 
610 2 0 |a mena virtuálna 
610 2 0 |a prostredie virtuálne 
610 2 0 |a priestor kybernetický 
610 2 0 |a jednotka účtovná 
610 2 0 |a závierka účtovná 
610 2 0 |a účtovanie 
610 2 0 |a zdaňovanie 
610 2 0 |a oceňovanie 
100 1 |a Kareš, Ladislav